|
|
|
|
| LEADER |
01657nam a2200373 a 4500 |
| 001 |
18194 |
| 003 |
BD-DhAAL |
| 008 |
090405s2004 nyua b 001 0 eng d |
| 010 |
|
|
|a 2004052575
|
| 020 |
|
|
|a 0387225757 (alk. paper)
|
| 020 |
|
|
|a 0387225765 (eBOOK)
|
| 040 |
|
|
|a DLC
|c DLC
|d DLC
|d BD-DhAAL
|
| 082 |
0 |
0 |
|a 621.3821
|2 22
|
| 100 |
1 |
|
|a Bahai, Ahmad R. S.
|9 31035
|
| 245 |
1 |
0 |
|a Multi-carrier digital communications :
|b theory and applications of OFDM /
|c Ahmad R.S. Bahai, Burton R. Saltzberg and Mustafa Ergen.
|
| 250 |
|
|
|a Second edition
|
| 260 |
|
|
|a New York :
|b Springer,
|c 2004.
|
| 300 |
|
|
|a xix, 411 pages :
|b illustrations ;
|c 24 cm.
|
| 490 |
1 |
|
|a Information technology--transmission, processing, and storage
|
| 504 |
|
|
|a Includes bibliographical references (pages [373]-391) and index.
|
| 526 |
|
|
|x
|
| 541 |
1 |
|
|e 18194
|
| 650 |
|
0 |
|a Digital communications.
|9 31036
|
| 650 |
|
0 |
|a Orthogonal frequency division multiplexing.
|9 31037
|
| 650 |
|
0 |
|a Spread spectrum communications.
|9 31038
|
| 650 |
|
0 |
|a Orthogonalization methods.
|9 31039
|
| 700 |
1 |
|
|a Saltzberg, Burton R.
|9 31040
|
| 700 |
1 |
|
|a Ergen, Mustafa.
|9 31041
|
| 830 |
|
|
|a Information technology--transmission, processing, and storage
|9 58048
|
| 852 |
4 |
|
|a Ayesha Abed Library
|j General Stacks
|
| 942 |
|
|
|2 ddc
|c BK
|
| 999 |
|
|
|c 80
|d 80
|
| 952 |
|
|
|0 0
|1 0
|2 ddc
|4 0
|6 621_382100000000000_BAH_2004
|7 0
|8 NFIC
|9 71
|a BRACUL
|b BRACUL
|c GEN
|d 2009-04-28
|g 8375.00
|l 0
|o 621.3821 BAH
|p 3010018194
|r 2009-04-28
|t 1
|w 2009-04-28
|y BK
|
| 952 |
|
|
|0 0
|1 0
|2 ddc
|4 0
|6 621_382100000000000_BAH_2004
|7 0
|8 NFIC
|9 10884
|a BRACUL
|b BRACUL
|c GEN
|d 2010-06-10
|l 1
|m 6
|o 621.3821 BAH
|p 3010018195
|r 2011-08-04
|s 2011-06-21
|t 2
|w 2010-06-10
|y BK
|